|
|
|
|
| LEADER |
01588nam a2200385Ia 4500 |
| 001 |
EBC589314 |
| 003 |
MiAaPQ |
| 005 |
20200520144314.0 |
| 006 |
m o d | |
| 007 |
cr cn||||||||| |
| 008 |
030904s2003 enk sb 001 0 eng d |
| 020 |
|
|
|z 0719064406
|
| 020 |
|
|
|z 0719064414 (PBK.)
|
| 035 |
|
|
|a (MiAaPQ)EBC589314
|
| 035 |
|
|
|a (Au-PeEL)EBL589314
|
| 035 |
|
|
|a (CaPaEBR)ebr10082121
|
| 035 |
|
|
|a (CaONFJC)MIL73440
|
| 035 |
|
|
|a (OCoLC)60638482
|
| 040 |
|
|
|a MiAaPQ
|c MiAaPQ
|d MiAaPQ
|
| 050 |
|
4 |
|a BF1569
|b .B75 2003
|
| 082 |
0 |
4 |
|a 133.4309024
|2 21
|
| 100 |
1 |
|
|a Broedel, Hans Peter.
|
| 245 |
1 |
4 |
|a The Malleus Maleficarum and the construction of witchcraft
|h [electronic resource] :
|b theology and popular belief /
|c Hans Peter Broedel.
|
| 260 |
|
|
|a Manchester ;
|a New York :
|b Manchester University Press ;
|a New York :
|b Distributed by Palgrave,
|c 2003.
|
| 300 |
|
|
|a 209 p.
|
| 490 |
1 |
|
|a Studies in early modern European history
|
| 504 |
|
|
|a Includes bibliographical references (p. [189]-204) and index.
|
| 533 |
|
|
|a Electronic reproduction. Ann Arbor, MI : ProQuest, 2015. Available via World Wide Web. Access may be limited to ProQuest affiliated libraries.
|
| 600 |
1 |
0 |
|a Institoris, Heinrich,
|d 1430-1505.
|t Malleus maleficarum.
|
| 600 |
1 |
0 |
|a Sprenger, Jakob,
|d 1436 or 8-1495.
|t Malleus maleficarum.
|
| 650 |
|
0 |
|a Witchcraft
|x History
|y To 1500.
|
| 655 |
|
4 |
|a Electronic books.
|
| 710 |
2 |
|
|a ProQuest (Firm)
|
| 830 |
|
0 |
|a Studies in early modern European history.
|
| 856 |
4 |
0 |
|u https://ebookcentral.proquest.com/lib/matrademy/detail.action?docID=589314
|z Click to View
|